<?xml version="1.0" encoding="UTF-8"?>
<marc:record xmlns:marc="http://www.loc.gov/MARC21/slim">
   <marc:leader>00000nam a2200000 a 4500</marc:leader>
   <marc:datafield ind1="0" ind2="0" tag="245">
      <marc:subfield code="a">Sörensen fängt Feuer</marc:subfield>
   </marc:datafield>
   <marc:datafield ind1=" " ind2="1" tag="264">
      <marc:subfield code="a">Hamburg</marc:subfield>
      <marc:subfield code="b">A Studio Hamburg Company</marc:subfield>
      <marc:subfield code="c">2023</marc:subfield>
   </marc:datafield>
   <marc:datafield ind1="1" ind2=" " tag="490">
      <marc:subfield code="a">4</marc:subfield>
   </marc:datafield>
   <marc:datafield ind1="1" ind2=" " tag="520">
      <marc:subfield code="a">Sörensen kämpft gegen die eigenen Dämonen, seit er die Medikamente gegen seine Angststörung abgesetzt hat. Da taucht in der kleinen friesischen Gemeinde Katenbüll eine junge, verstörte Frau auf: unterernährt, im Nachthemd und blind. Als Sörensen endlich ihre Adresse herausfindet, eröffnet sich ihm ein Geflecht aus Mord, religiösem Wahn und gut gehüteten Geheimnissen. Der Kriminalkommissar muss sich jedoch nicht nur mit schweigsamen und misstrauischen Nachbarn auseinandersetzen, sondern mekrt zusehends, welche Folgen das Absetzen seiner Medikamente hat...</marc:subfield>
   </marc:datafield>
   <marc:datafield ind1=" " ind2=" " tag="020">
      <marc:subfield code="a">4052912391581</marc:subfield>
      <marc:subfield code="9">4052912391581</marc:subfield>
   </marc:datafield>
   <marc:datafield ind1="0" ind2=" " tag="490">
      <marc:subfield code="v">0</marc:subfield>
   </marc:datafield>
   <marc:datafield ind1=" " ind2=" " tag="300">
      <marc:subfield code="a">ca. 90 Min.</marc:subfield>
   </marc:datafield>
</marc:record>
